00805nam a2200229Ii 450000100060000000300090000600800410001502000150005604000330007104100080010408200170011210000510012924500530018026400410023330000120027433600260028633700280031233800270034094000520036799900170041995201390043614263CO-ViMGA241108s9999||||xx |||||||||||||| ||und|| a9589650139 aCO-ViMGAbspaerdacCO-ViMGA0 aspa04a331.098 A56m1 aHernán Humberto Alonso de los Angeles94783910aManual comparado de legislación laboral andina 1aBogotá, Colombia : Guadalupe, 1999 avolumen atextbtxt2rdacontent aunmediatedbn2rdamedia avolumebnc2rdacarrier aidficha_siabuc: 13960. -- ficha_no_siabuc:14263 c42454d42454 001040708001aMEVIGERRbMEVIGERRcGENd2009-08-06o331.098 A56mpECA18928r2024-11-26 09:06:26tEj.1w2024-11-26yBKz13960 | 18430